000 01053nam a2200289Ia 4500
005 20260324135305.0
008 008 260324s9999 xx 000 0 eng d
020 _a9781315219721
037 _aEBOOK
040 _aCRL
040 _beng
040 _cCRL
041 _2eng
041 _aeng
084 _qCRL
100 _aVicky Hardman; O. Hodson; Andrew G. Malis; Raj Jain; Edwin F. Steeble; Rafael Osso; Saba Zamir; Chunlei Liu; Albert Azzam; George Scheets; Mark Allen; Antonio Ortega; Bruce Klopfenstein; Mario Francois Jauvin; Sonia Fahmy; Richard V. Ducey; Eric Bouillet; Ahmad Khanifar; Saleem N. Bhatti; Krishna Bala; L. Arnold Johnson; Ted Carlin; Douglas Ferguson; Masoud Khansari; Paul J. Brusil
_91200050
245 0 _aHandbook of Emerging Communications Technologies
245 4 _bThe Next Decade
260 _bTaylor and Francis
260 _c2000
365 _a
365 _b260
856 _uhttp://www.taylorfrancis.com/books/9781315219721
942 _cEBOOK
999 _c1800956
_d1800956